000 00712nam a22002537a 4500
003 OSt
005 20210420080138.0
008 201212s2008 ||||| |||| 00| 0 eng d
020 _a9780073530611
020 _a9780073314655
040 _aeng
_beng
_cDLC
_deng
041 _aeng
080 _a336
_bB-69
100 _9455
_aBodie, Zvi
245 _aInvestments
_c/ by: McGraw-Hill Irwin
250 _a7th edition
260 _aBoston
_bMcGraw-Hill Irwin
_c2008
300 _a999 p. Appendix 2p. Glossary 13p. Name Index 3p. Subject Index 22p.
_bill.
650 0 _9454
_aFinances
653 _aფინანსები
700 _9456
_aKane, Alex
700 _9457
_aMarcus, J. Alan
942 _2udc
_cBK
_e7
999 _c561
_d561